000 00679nam a2200253Ia 4500
001 14146
005 20240113235521.0
007 ta
008 051119s1936 a g b000 u 465 u
020 _cHB
040 _aCotton College,Assam
041 _a465
082 _a511.61
_bB 934 Ea
100 _aBurnett, Major J.C..
245 0 _aEasy Methods for the Construction of Magic Squares /
_cMajor J.C.Burnett.
_hTextual Documents
250 _a1st ed. /
260 _aLondon :
_bRider & Co. ,
_c1936.
300 _a77p. :
_bill ;
_c20cm .
653 _aMagic Squares
653 _aG-Mathematics
942 _2ddc
_cBK
999 _c14132
_d14132